<?xml version="1.0" encoding="UTF-8"?>
<collection xmlns="http://www.loc.gov/MARC21/slim">
 <record>
  <leader>03620cam a2200673   4500</leader>
  <controlfield tag="001">871401150</controlfield>
  <controlfield tag="003">DE-627</controlfield>
  <controlfield tag="005">20240118082037.0</controlfield>
  <controlfield tag="007">tu</controlfield>
  <controlfield tag="008">161029s2015    fr |||||      00| ||fre c</controlfield>
  <datafield tag="020" ind1=" " ind2=" ">
   <subfield code="a">2916125094</subfield>
   <subfield code="9">2-916125-09-4</subfield>
  </datafield>
  <datafield tag="020" ind1=" " ind2=" ">
   <subfield code="a">9782916125091</subfield>
   <subfield code="9">978-2-916125-09-1</subfield>
  </datafield>
  <datafield tag="020" ind1=" " ind2=" ">
   <subfield code="z">2916125094</subfield>
  </datafield>
  <datafield tag="035" ind1=" " ind2=" ">
   <subfield code="a">(DE-627)871401150</subfield>
  </datafield>
  <datafield tag="035" ind1=" " ind2=" ">
   <subfield code="a">(DE-576)493341536</subfield>
  </datafield>
  <datafield tag="035" ind1=" " ind2=" ">
   <subfield code="a">(DE-599)BVBBV043838671</subfield>
  </datafield>
  <datafield tag="035" ind1=" " ind2=" ">
   <subfield code="a">(OCoLC)912475209</subfield>
  </datafield>
  <datafield tag="035" ind1=" " ind2=" ">
   <subfield code="a">(OCoLC)912475209</subfield>
  </datafield>
  <datafield tag="035" ind1=" " ind2=" ">
   <subfield code="a">(DE-604)BV043838671</subfield>
  </datafield>
  <datafield tag="040" ind1=" " ind2=" ">
   <subfield code="a">DE-627</subfield>
   <subfield code="b">ger</subfield>
   <subfield code="c">DE-627</subfield>
   <subfield code="e">rda</subfield>
  </datafield>
  <datafield tag="041" ind1=" " ind2=" ">
   <subfield code="a">fre</subfield>
  </datafield>
  <datafield tag="044" ind1=" " ind2=" ">
   <subfield code="c">XA-FR</subfield>
  </datafield>
  <datafield tag="082" ind1="0" ind2=" ">
   <subfield code="a">G:fr S:ar</subfield>
   <subfield code="a">G:rr S:ar</subfield>
   <subfield code="q">BSZ</subfield>
  </datafield>
  <datafield tag="082" ind1="0" ind2=" ">
   <subfield code="a">930.1</subfield>
  </datafield>
  <datafield tag="082" ind1="0" ind2="4">
   <subfield code="a">G:fr S:ar</subfield>
   <subfield code="a">G:rr S:ar</subfield>
  </datafield>
  <datafield tag="084" ind1=" " ind2=" ">
   <subfield code="a">6,12</subfield>
   <subfield code="2">ssgn</subfield>
  </datafield>
  <datafield tag="084" ind1=" " ind2=" ">
   <subfield code="a">ALT-KA</subfield>
   <subfield code="q">DE-16</subfield>
   <subfield code="2">fid</subfield>
  </datafield>
  <datafield tag="084" ind1=" " ind2=" ">
   <subfield code="a">15.19</subfield>
   <subfield code="2">bkl</subfield>
  </datafield>
  <datafield tag="245" ind1="1" ind2="4">
   <subfield code="a">Les marges orientales du Vicus de Boutae</subfield>
   <subfield code="b">les fouilles Galbert à Annecy (Haute-Savoie)</subfield>
   <subfield code="c">sous la direction de Franck Gabayet ; avec les contributions de Christine Bonnet, Christian Cécillon, Céline Galtier, David Gandia, Dominique Lalai͏̈, Agnès Vérot et la collaboration de Éric Bayen, Manon Cabanis, Odile Franc [und 9 weiteren]</subfield>
  </datafield>
  <datafield tag="246" ind1="1" ind2=" ">
   <subfield code="i">Abweichender Titel auf dem Umschlag</subfield>
   <subfield code="a">La marge orientale du Vicus de Boutae&quot;</subfield>
  </datafield>
  <datafield tag="246" ind1="3" ind2="3">
   <subfield code="a">La marge orientale du Vicus de Boutae</subfield>
  </datafield>
  <datafield tag="264" ind1=" " ind2="1">
   <subfield code="a">Lyon</subfield>
   <subfield code="b">Association de liaison pour le patrimoine et l'archéologie en Rhône-Alpes et en Auvergne</subfield>
   <subfield code="c">2015</subfield>
  </datafield>
  <datafield tag="300" ind1=" " ind2=" ">
   <subfield code="a">445 Seiten</subfield>
   <subfield code="b">Illustrationen, Diagramme, Karten</subfield>
   <subfield code="c">30 cm</subfield>
  </datafield>
  <datafield tag="336" ind1=" " ind2=" ">
   <subfield code="a">Text</subfield>
   <subfield code="b">txt</subfield>
   <subfield code="2">rdacontent</subfield>
  </datafield>
  <datafield tag="337" ind1=" " ind2=" ">
   <subfield code="a">ohne Hilfsmittel zu benutzen</subfield>
   <subfield code="b">n</subfield>
   <subfield code="2">rdamedia</subfield>
  </datafield>
  <datafield tag="338" ind1=" " ind2=" ">
   <subfield code="a">Band</subfield>
   <subfield code="b">nc</subfield>
   <subfield code="2">rdacarrier</subfield>
  </datafield>
  <datafield tag="490" ind1="1" ind2=" ">
   <subfield code="a">Documents d'archéologie en Rhône-Alpes et en Auvergne</subfield>
   <subfield code="v">no 42</subfield>
  </datafield>
  <datafield tag="500" ind1=" " ind2=" ">
   <subfield code="a">Literaturverzeichnis Seite 419-433</subfield>
  </datafield>
  <datafield tag="583" ind1="1" ind2=" ">
   <subfield code="a">Archivierung/Langzeitarchivierung gewährleistet</subfield>
   <subfield code="f">FID</subfield>
   <subfield code="2">pdager</subfield>
   <subfield code="5">DE-16</subfield>
  </datafield>
  <datafield tag="655" ind1=" " ind2="7">
   <subfield code="a">Aufsatzsammlung</subfield>
   <subfield code="0">(DE-588)4143413-4</subfield>
   <subfield code="0">(DE-627)105605727</subfield>
   <subfield code="0">(DE-576)209726091</subfield>
   <subfield code="2">gnd-content</subfield>
  </datafield>
  <datafield tag="689" ind1="0" ind2="0">
   <subfield code="d">g</subfield>
   <subfield code="0">(DE-588)4018145-5</subfield>
   <subfield code="0">(DE-627)106327232</subfield>
   <subfield code="0">(DE-576)208922857</subfield>
   <subfield code="a">Frankreich</subfield>
   <subfield code="2">gnd</subfield>
  </datafield>
  <datafield tag="689" ind1="0" ind2="1">
   <subfield code="d">g</subfield>
   <subfield code="0">(DE-588)4002122-1</subfield>
   <subfield code="0">(DE-627)106394401</subfield>
   <subfield code="0">(DE-576)208845828</subfield>
   <subfield code="a">Annecy</subfield>
   <subfield code="2">gnd</subfield>
  </datafield>
  <datafield tag="689" ind1="0" ind2="2">
   <subfield code="d">s</subfield>
   <subfield code="0">(DE-588)4002827-6</subfield>
   <subfield code="0">(DE-627)104459425</subfield>
   <subfield code="0">(DE-576)208848878</subfield>
   <subfield code="a">Archäologie</subfield>
   <subfield code="2">gnd</subfield>
  </datafield>
  <datafield tag="689" ind1="0" ind2="3">
   <subfield code="d">s</subfield>
   <subfield code="0">(DE-588)4071507-3</subfield>
   <subfield code="0">(DE-627)104642874</subfield>
   <subfield code="0">(DE-576)209184205</subfield>
   <subfield code="a">Funde</subfield>
   <subfield code="2">gnd</subfield>
  </datafield>
  <datafield tag="689" ind1="0" ind2=" ">
   <subfield code="5">DE-101</subfield>
  </datafield>
  <datafield tag="700" ind1="1" ind2=" ">
   <subfield code="a">Gabayet, Franck</subfield>
   <subfield code="e">HerausgeberIn</subfield>
   <subfield code="4">edt</subfield>
  </datafield>
  <datafield tag="787" ind1="0" ind2="8">
   <subfield code="i">Rezensiert in</subfield>
   <subfield code="a">Lempereur, Olivier, 1977 - </subfield>
   <subfield code="t">[Rezension von: Franck Gabayet (Hrsg.), La marge orientale du vicus de Boutae. Les fouilles Galbert à Annecy (Haute-Savoie)]</subfield>
   <subfield code="d">2016</subfield>
   <subfield code="w">(DE-627)1817592777</subfield>
  </datafield>
  <datafield tag="830" ind1=" " ind2="0">
   <subfield code="a">Documents d'archéologie en Rhône-Alpes et en Auvergne</subfield>
   <subfield code="v">no 42</subfield>
   <subfield code="9">42</subfield>
   <subfield code="w">(DE-627)654273871</subfield>
   <subfield code="w">(DE-576)097006688</subfield>
   <subfield code="w">(DE-600)2599115-2</subfield>
   <subfield code="x">1632-4374</subfield>
   <subfield code="7">ns</subfield>
  </datafield>
  <datafield tag="856" ind1="4" ind2="2">
   <subfield code="u">http://bvbr.bib-bvb.de:8991/F?func=service&amp;doc_library=BVB01&amp;local_base=BVB01&amp;doc_number=029249260&amp;sequence=000001&amp;line_number=0001&amp;func_code=DB_RECORDS&amp;service_type=MEDIA</subfield>
   <subfield code="x">Verlag</subfield>
   <subfield code="z">Inhaltsverzeichnis</subfield>
  </datafield>
  <datafield tag="856" ind1="4" ind2="2">
   <subfield code="u">http://bvbr.bib-bvb.de:8991/F?func=service&amp;doc_library=BVB01&amp;local_base=BVB01&amp;doc_number=029249260&amp;sequence=000003&amp;line_number=0002&amp;func_code=DB_RECORDS&amp;service_type=MEDIA</subfield>
   <subfield code="x">Verlag</subfield>
   <subfield code="z">Klappentext</subfield>
  </datafield>
  <datafield tag="856" ind1="4" ind2="2">
   <subfield code="u">http://bvbr.bib-bvb.de:8991/F?func=service&amp;doc_library=BVB01&amp;local_base=BVB01&amp;doc_number=029249260&amp;sequence=000005&amp;line_number=0003&amp;func_code=DB_RECORDS&amp;service_type=MEDIA</subfield>
   <subfield code="x">Verlag</subfield>
   <subfield code="z">Buchcover</subfield>
  </datafield>
  <datafield tag="936" ind1="b" ind2="k">
   <subfield code="a">15.19</subfield>
   <subfield code="j">Vor- und Frühgeschichte</subfield>
   <subfield code="0">(DE-627)10640329X</subfield>
  </datafield>
  <datafield tag="951" ind1=" " ind2=" ">
   <subfield code="a">BO</subfield>
  </datafield>
  <datafield tag="990" ind1=" " ind2=" ">
   <subfield code="a">Frankreich</subfield>
  </datafield>
  <datafield tag="990" ind1=" " ind2=" ">
   <subfield code="a">Annecy</subfield>
  </datafield>
  <datafield tag="990" ind1=" " ind2=" ">
   <subfield code="a">Archäologie</subfield>
  </datafield>
  <datafield tag="990" ind1=" " ind2=" ">
   <subfield code="a">Funde</subfield>
  </datafield>
  <datafield tag="991" ind1=" " ind2=" ">
   <subfield code="a">Rezensiertes Werk</subfield>
  </datafield>
  <datafield tag="999" ind1=" " ind2=" ">
   <subfield code="a">KXP-PPN871401150</subfield>
   <subfield code="e">4192387018</subfield>
  </datafield>
 </record>
</collection>
